Revisiting the Trinity : (Record no. 25321)

MARC details
000 -LEADER
fixed length control field 00810nam a22002057a 4500
003 - CONTROL NUMBER IDENTIFIER
control field AUA.1
005 - DATE AND TIME OF LATEST TRANSACTION
control field 20260312191339.0
008 - FIXED-LENGTH DATA ELEMENTS--GENERAL INFORMATION
fixed length control field 260312b |||||||| |||| 00| 0 eng d
020 ## - INTERNATIONAL STANDARD BOOK NUMBER
International Standard Book Number 9780925675613 (vol.1)
040 ## - CATALOGING SOURCE
Transcribing agency JTL
050 ## - LIBRARY OF CONGRESS CALL NUMBER
Classification number BT111.3
Item number .R48 2025
245 ## - TITLE STATEMENT
Title Revisiting the Trinity :
Remainder of title Biblical, theological, and historical reflections /
Statement of responsibility, etc [edited by Alberto R. Timm.
260 ## - PUBLICATION, DISTRIBUTION, ETC. (IMPRINT)
Place of publication, distribution, etc Silver Spring, Maryland :
Name of publisher, distributor, etc Biblical Research Institute,
Date of publication, distribution, etc c2025.
300 ## - PHYSICAL DESCRIPTION
Extent xiii, 512 pages :
Other physical details illustrations,
Dimensions 24 cm.
490 ## - SERIES STATEMENT
Series statement Biblical Research Institute studies on the Trinity
Volume number/sequential designation Volume 1
650 ## - SUBJECT ADDED ENTRY--TOPICAL TERM
Topical term or geographic name as entry element Trinity
General subdivision History of Doctrines
650 ## - SUBJECT ADDED ENTRY--TOPICAL TERM
Topical term or geographic name as entry element Trinity
Form subdivision Biblical teaching
General subdivision Doctrinal Theology
700 ## - ADDED ENTRY--PERSONAL NAME
Personal name Timm, Alberto R.
Relator term editor
9 (RLIN) 17364
942 ## - ADDED ENTRY ELEMENTS (KOHA)
Source of classification or shelving scheme Library of Congress Classification
Koha item type Books
Classification part BT 111.3
Item part .R48 2025
Holdings
Withdrawn status Lost status Source of classification or shelving scheme Damaged status Not for loan Collection code Home library Current library Shelving location Date acquired Source of acquisition Cost, normal purchase price Serial Enumeration / chronology Total Checkouts Full call number Barcode Date last seen Copy number Cost, replacement price Price effective from Koha item type
    Library of Congress Classification     Books Judith Thomas Library Judith Thomas Library General Stacks 12/03/2026 Donation, Biblical Research Institute 9.99 AUA28072   BT 111.3 .R48 2025 AUA28072 12/03/2026 v.1 9.99 12/03/2026 Books